000 03390cam a2200385 i 4500
003 SA-RiAUC
005 20241030081218.0
008 241029s1997 su g 00000 ara c
020 _a9960719065
040 _aSA-RiAUC
_bara
_cSA-RiAUC
_erda
082 0 4 _a245
090 _a245
_bأ ل ب
100 1 _aالألباني، محمد ناصر الدين،
_d1914-1999
_eمؤلف.
245 1 0 _aفتنة التكفير /
_cمحمد بن ناصر الدين الألباني ؛ تفريظ عبدالعزيز بن باز ؛ تعليق محمد بن صالح العثيمين. يليها فتاوى حول التكفير والحكم بغير ما أنزل الله / محمد بن صالح العثيمين، عبد الله بن عبد الرحمن الجبرين، اللجنة الدائمة للبحوث العلمية والإفتاء، إعداد علي بن حسين أبولوز.
250 _aالطبعة الثانية، جديدة مزيدة ومنقحة.
264 1 _aالرياض :
_bدار ابن خزيمة للنشر والتوزيع،
_c1997
300 _a152 صفحة ؛
_c24سم
336 _aنص
_btxt
_2rdacontent
_3كتاب
337 _aبدون وسيط
_bn
_2rdamedia
338 _aمجلد
_bnc
_2rdacarrier
650 7 _aالإلحاد والملحدون
_2aucsh
650 7 _aالإيمان
_2aucsh
650 7 _aالفقه الإسلامي
_2aucsh
700 1 _aابن باز، عبد العزيز بن عبد الله بن عبد الرحمن،
_d1332-1420 هجري
_eمقدم.
700 1 _aالعثيمين، محمد بن صالح بن محمد،
_d1347-1421 هجري
_eمعلق.
700 1 2 _aالعثيمين، محمد بن صالح بن محمد،
_d1347-1421 هجري.
_tفتاوى حول التكفير والحكم بغير ما أنزل الله.
700 1 2 _aابن جبرين، عبد الله بن عبد الرحمن بن عبد الله،
_d1352-1430 هجري
700 1 _aأبو لوز، علي بن حسين
_eمعد.
710 2 _aاللجنة الدائمة للبحوث العلمية والإفتاء (السعودية)
_eمؤلف.
740 0 2 _aفتاوى حول التكفير والحكم بغير ما أنزل الله.
856 _uhttp://saaid.net/book/open.php?cat=1&book=174
_yExternal Link
_2 نرجو الانتباه لإمكانية وجود اختلاف في الطبعة أو الناشر بين البيانات على البوابة وما ستجده على الكتاب نظرا لمحدودية المعلومات المتاحة على الموقع الناشر للمادة.
_3Please note that there may be a difference in the edition or publisher between the data on the portal and the book due to the limited information available on the publisher website for the material.
856 _uhttp://www.saaid.net/book/169.zip
_yDigital Copy
_2 نرجو الانتباه لإمكانية وجود اختلاف في الطبعة أو الناشر بين البيانات على البوابة وما ستجده على الكتاب نظرا لمحدودية المعلومات المتاحة على الموقع الناشر للمادة.
_3Please note that there may be a difference in the edition or publisher between the data on the portal and the book due to the limited information available on the publisher website for the material.
942 _2ddc
_cBOOK
_n0
949 _aSA-JeALM
_d241029
_umohamedma123
_n1
999 _c1904
_d1904